000 00924nam a22002897a 4500
003 CHAP
005 20220329143847.0
008 120301s1994 us r 00010 eng d
010 _a102882
011 _a103854
020 _a0471185752
035 _a114543
040 _cCHAP
082 0 4 _a531.11
_bM71y
100 1 _aMacosko, Christopher W.
_969538
245 1 0 _aRheology :
_bprinciples, measurements and applications
_c/ por Christopher W. Macosko
260 _aDanvers, Ma . :
_bWiley,
_cc1994
300 _axviii, 550 p. :
_bilus.
590 _aBATCH-UPD
_b10
_c20130110
_lUCH01
_h1804
590 _aBATCH-UPD
_b10
_c20130410
_lUCH01
_h0957
590 _aBATCH-UPD
_b10
_c20130914
_lUCH01
_h1737
590 _aCONVERSION
_b10
_c20130109
_lUCH01
_h1357
650 0 4 _aReologĂ­a.
_995982
901 _aBK
942 _cLIBRO
949 _a531.11 M71y
_bBC
_cLIBRO
_d33724002327371
_eLIBRO
_gI.260162
_h1163341
_i114543
_sb
_t2,632.5
999 _c102882
_d102882